000 00824nam a2200289 a 4500
003 AR-BaBNM
005 20251128205910.0
008 082120s2002 ||||||||||||||000 | spa||
020 _a950-9896-70-5
040 _cAR-BaBNM
100 1 _aCrochi, Angela
245 0 0 _aTalleres creativos
_bmatemática 3er ciclo
250 _a1ª ed.
260 _aBuenos Aires
_bEdiciones Docentes Argentinas
_c1994
300 _a297 p.
_bil.
650 4 _aENSEÑANZA DE LAS MATEMATICAS
650 4 _aAPRENDIZAJE MEDIANTE LA PRACTICA
650 4 _aJUEGOS EDUCATIVOS
650 4 _aCONCEPTOS NUMERICOS
650 4 _aCONCEPTOS NUMERICOS
650 4 _aLOGICA MATEMATICA
650 4 _aACTIVIDADES DE APRENDIZAJE
653 _aEDUCACION GENERAL BASICA
653 _aCONTENIDOS BASICOS COMUNES
942 _cBK
998 _cCarmen
999 _c13206
_d13206